000 00918cam a22002651 4500
001 sa 68019062
003 DLC
005 20260227112716.0
008 721215s1962 io b f000 0 eng
010 _asa 68019062
025 _aPL480:Indo-3174
035 _a(OCoLC)518462
040 _aDLC
_cOAU
_dOCoLC
_dDLC
041 1 _aengind
042 _apremarc
050 0 0 _aLA1271
_b.P6313
100 1 _aPoerbakawatja, Soegarda,
_cR.,
_d1899-
245 1 0 _aBasis and aim of education in free Indonesia,
_cdelivered on the opening ceremony of the Tjenderawasih University on 10th November 1962 in Kotabaru.
260 _a[Djakarta]
_bDept. of Information, Republic of Indonesia
_c[1962?]
300 _a16 p.
_c21 cm.
500 _a"Special issue, no. 94."
500 _aTranslation of Dasar dan tudjuan pendidikan dalam alam Indonesia merdeka.
504 _aBibliography: p. 16.
650 0 _aEducation
_zIndonesia.
999 _c88798
_d88798